000 00258nam a2200097Ia 4500
001 1224684
005 20250827092931.0
008 250824s9999 xx 000 0 und d
245 0 _aHARRY POTTER VE ATEŞ KADEHİ
_cJ.K.ROWLING
260 _bYAPI KREDİ YAYINLARI
999 _c1224684
_d1224684